00524nam a2200157Ia 4500008004100000020001800041022001300059040001300072082001600085100001800101245005700119260004800176300003100224500006300255650004800318191130s1998##################000#0#eng## a9780521785907 a97046088 aACLcACL a324.273 GER aGerring, John aParty ideologies in America, 1828-1996cJohn Gerring aCambridgebCambridge University Pressc1998 axiv, 337 p. : ill. ; 24 cm aIncludes bibliographical references (p. 299-333) and index aPolitical parties - United States - History